Biện pháp quản lý công tác bồi dưỡng chuyên môn cho giáo viên tiếng Anh THCS thành phố Pleiku, tỉnh Gia Lai

Cơ sở lý luận về quản lý công tác BDCM cho giáo viên tiếng Anh THCS. Thực trạng quản lý công tác BDCM cho giáo viên tiếng Anh THCS ở thành phố Pleiku, tỉnh Gia Lai. Biện pháp quản lý công tác BDCM cho giáo viên tiếng Anh THCS thành phố Pleiku, tỉnh Gia Lai...

Fuld beskrivelse

Đã lưu trong:
Bibliografiske detaljer
Hovedforfatter: Trương Thị Tùng
Andre forfattere: Lê Quang Sơn PGS.TS. (Hướng dẫn)
Format: Bog
Sprog:Vietnamese
Udgivet: Đà Nẵng Đại học Đà Nẵng 2015
Fag:
Tags: Tilføj Tag
Ingen Tags, Vær først til at tagge denne postø!
Thư viện lưu trữ: Mạng thư viện Đại học Đà Nẵng
LEADER 01872nam a2200373 4500
001 000023437
003 19888
005 20151208161221.0
008 151207s2015 viesd
041 |a vie 
082 1 4 |a 373.112  |b TR-T 
100 1 |a Trương Thị Tùng 
245 1 |a Biện pháp quản lý công tác bồi dưỡng chuyên môn cho giáo viên tiếng Anh THCS thành phố Pleiku, tỉnh Gia Lai  |c Trương Thị Tùng ; Lê Quang Sơn hướng dẫn.  |k Luận văn Thạc sĩ 
260 |a Đà Nẵng  |b Đại học Đà Nẵng  |c 2015 
300 |a 100 tr. ; phụ lục 3 tr.  |c 29 cm.  |e Tóm tắt 
500 |a Luận văn thạc sĩ Quản lý giáo dục. Chuyên ngành: Quản lý giáo dục. Mã số: 60.14.01.14 
520 3 |a Cơ sở lý luận về quản lý công tác BDCM cho giáo viên tiếng Anh THCS. Thực trạng quản lý công tác BDCM cho giáo viên tiếng Anh THCS ở thành phố Pleiku, tỉnh Gia Lai. Biện pháp quản lý công tác BDCM cho giáo viên tiếng Anh THCS thành phố Pleiku, tỉnh Gia Lai 
650 0 4 |a Giáo dục trung học  |v Luận văn tốt nghiệp  |x Chuyên môn  |x Quản lý  |z Gia Lai 
653 |a Giáo dục trung học 
653 |a Giáo viên 
653 |a Quản lý giáo dục 
653 |a Tiếng Anh 
653 |a Quản lý chuyên môn 
700 1 |a Lê Quang Sơn  |c PGS.TS.  |e Hướng dẫn 
OWN |a LSP 
AVA |a UDN50  |b LSP  |d 373.112 TR-T  |e available  |t Error 5001 Not defined in file expand_doc_bib_avail.  |f 1  |g 0  |h N  |i 0  |k 1 
999 |a From the UDN01 
AVA |a UDN50  |b LSP  |d 373.112 TR-T  |e available  |t Error 5001 Not defined in file expand_doc_bib_avail.  |f 1  |g 0  |h N  |i 0  |k 1 
TYP |a Monograph 
TYP |a Printed language 
980 |a Mạng thư viện Đại học Đà Nẵng